US territories - Statistics

General Stats
  • This quiz has been taken 407 times
  • The average score is 8 of 16
Answer Stats
Answer % Correct
Puerto Rico
95%
Guam
93%
US Virgin Islands
86%
American Samoa
82%
Northern Mariana Islands
70%
Midway Atoll
51%
Wake Island
39%
Baker Island
38%
Johnston Atoll
36%
Howland Island
31%
Jarvis Island
31%
Navassa Island
31%
Kingman Reef
30%
Palmyra Atoll
29%
Bajo Nuevo Bank
14%
Serranilla Bank
14%
No matching quizzes found
Score Distribution
Percent of People with Each Score
Percentile by Number Answered
Your Score History
You have not taken this quiz